Metalurgija medi, nikel´a i kobalta : sbornik trudov meždunarodnoj konferencii /

Uložené v:
Podrobná bibliografia
Ďalší autori: Queneau, Paul (Editor)
Médium: Kniha
Jazyk:Russian
Vydané: Moskva : Metallurgija, 1965.
Vydanie:1. izd.
ISBN: (viaz.)
Fyzický popis: 499 s.
Tagy: Pridať tag
Žiadne tagy, Buďte prvý kto otaguje tento záznam!

MARC

LEADER 00000nam a2200000 a 4500
001 000129321
005 20101230182421.0
008 040101s1965 ru e rus d
020 |a (viaz.)  |c Kčs 24,50 
040 |a SVKKK  |b slo  |c SVKKK  |e AACR2 
041 0 |a rus 
044 |a ru  |c RU 
245 0 0 |a Metalurgija medi, nikel´a i kobalta :  |b sbornik trudov meždunarodnoj konferencii /  |c red. Paul Queneau. 
250 |a 1. izd. 
260 |a Moskva :  |b Metallurgija,  |c 1965. 
300 |a 499 s. 
700 1 |a Queneau, Paul  |4 edt 
910 |a svkkk 
998 |a BK 
090 |g SCKHL  |k Sklad  |a X0.5316  |j 023226  |i 129321-10  |4 Zastaraná  |s Vyradená